[Event "2016 PHCC Championships"]
[Site "Port Huron"]
[Date "2016.03.03"]
[Round "8"]
[White "Jones, G. Avery"]
[Black "Rutkofske, Lonnie"]
[Result "0-1"]
[WhiteElo "1566"]
[BlackElo "1800"]
[Annotator "Gregg,Alan {Rutkofske, Lon}"]
[PlyCount "116"]
[EventDate "2016.03.03"]
[EventType "tourn"]
[EventRounds "8"]

1. d4 g6 {(Avery and I have played a number of close games of late, and he has improved drastically in his opening play. The clock has almost always posed a significant factor in our games and this was to be no exception. With Avery, one can count almost exclusively on a Queen pawn opening, usually transposing into a Colle or London System. With the Black pieces Avery is most partial to the Caro-Kann. He is much more lethal with the White pieces. As for my choice, I prefer the Modern Defense, and bide my time in hopes of creating as few weaknesses as possible while frustrating White's attacks lying in wait for a chance at a counter-strike when he over extends himself.} 2. Nf3 d6 3. Bf4 {(As in the Caro-Kann, Avery nearly always prefers to get his QB outside the pawn structure. He usually shoots for g5, but I with out a N of f6, this choice lacks any real bite and become a tempo waster after h6.} Bg7 4. e3 a6 {( Black appears to be significantly behind in development, but making three pawn moves in the first 4 moves usually is fatal, but the nature of the Modern Defense it that is delays piece deployment making it more flexible and creates few immediate targets. While appearing very passive, there is method to the madness, but then, White has been less than aggressive to this point.} ({Relevant:} 4... Nf6 5. h3 O-O 6. Be2 b6 7. O-O Bb7 8. Nbd2 Nbd7 9. Bh2 c5 10. c3 Re8 11. a4 a6 12. Qb3 h6 13. Rfd1 Rb8 14. Nc4 b5 15. axb5 axb5 16. Na5 Bd5 17. Qc2 Be4 18. Qc1 Ra8 19. b4 cxb4 20. cxb4 Rc8 21. Qd2 Rc2 22. Qe1 Qb6 23. Rdc1 Rec8 24. Rxc2 Rxc2 25. Rc1 Rb2 26. Bf1 Nd5 27. Rc6 Qa7 28. Rc8+ Kh7 29. Nd2 N7f6 30. Qc1 Ra2 31. Nxe4 Nxe4 32. Rc2 Nxb4 33. Rxa2 Nxa2 34. Qc2 {Melkumyan,H (2654)-Mamedov,R (2650) Minsk 2015 0-1}) 5. Be2 Nd7 6. c3 b6 7. O-O Bb7 8. Nbd2 {(Noel Bedy gave me an excellent book by Cyrus Lakdawala (Hikaru Nakamura's dad and coach) entitled: The Modern Defence-Move by Move which provided indepth insights into the opening and how to successfully maneuver in closed positions as you target over ambitions White forces.} ({Predecessor:} 8. Qb3 e6 9. Nbd2 Ne7 10. Rfe1 O-O 11. h3 h6 12. Qc2 g5 13. Bh2 f5 14. Rad1 Rc8 15. Nb3 Nf6 16. Nfd2 Ng6 17. Bf3 Bxf3 18. Nxf3 g4 19. hxg4 Nxg4 20. Bg3 h5 21. Nc1 Qe7 22. Ne2 e5 23. dxe5 dxe5 24. Qa4 Rcd8 25. Qxa6 h4 26. Bh2 h3 27. gxh3 Nxh2 28. Kxh2 e4 29. Nfd4 Qh4 30. Rf1 Ne5 31. Nf4 c5 32. Qxb6 cxd4 33. Qe6+ Kh7 34. cxd4 Nf3+ 35. Kg2 Rf6 36. Qe7 Rdd6 37. Kh1 Kh8 {Klemp,T (1770)-Winter,L (1961) Gladenbach 2011 1-0}) 8... Ngf6 9. Qb3 $1 {Diagram # (This move took me totally by surprise and created massive anxiety for me because it pressurized my weak f7 and I knew was going to be dangerous throughout the game! Additonally, it pretty much required me to develop a different plan for my future Q-side expansion.} h6 (9... e5 10. Bg3 O-O 11. Rfe1 Qe7 12. Bh4 g5 13. Bg3 Nh5 14. Rac1 Nxg3 15. hxg3 Nf6 16. Qb4 Rfe8 17. dxe5 Nh5 18. a4 a5 19. exd6 cxd6 20. Bd3 Qd8 21. Bb1 Bd5 22. Ne4 f5 23. Ned2 Rc8 24. Re2 Rc7 25. Qa3 Bxf3 26. Nxf3 Rc4 27. Rec2 d5 28. e4 Be5 29. Kh1 Rf8 30. Nxe5 Rc5 31. Re1 Rc7 32. Qxf8+) 10. Bd3 {(White continues to build up on the K-side white squares, requiring appropriate due diligence!} e6 11. e4 ({Fritz 12:1)} 11. e4 e5 12. Bg3 O-O 13. Rfe1 Qe7 14. Bh4 g5 15. Bg3 Nh5 16. Rac1 Nxg3 17. hxg3 Nf6 18. Qb4 Rfe8 {[%eval 44,15]}) ({Fritz 12:2)} 11. Bg3 O-O 12. h3 e5 13. e4 Qe7 14. Rae1 Nh5 15. Bh2 Nhf6 16. a4 Nh5 17. a5 Nf4 18. Bxf4 {[%eval 43,13]}) 11... g5 12. Bg3 Nh5 13. Rad1 O-O 14. Be2 Nf4 15. Bxf4 gxf4 {(Any plans I have on the Q-side require me to eliminate Bg3. In many variations of the Modern, this piece is totally out of play and gives Black an edge. It does not appear that this game is going to remain closed for very long and my two Bishops look to be stronger than the White Knights. "So...I gotta take it out!" even if it means wrecking my K-side. I reasoned, probably falsely, that the half open g file would benefit me in the long run, and with his Q on b3, my pawn on f4 would be safe for a while!} 16. e5 Qe7 17. exd6 cxd6 18. Rfe1 {(Sure enough, the "Red Sea" begins to part and space for my Bishops pair manifests itself.} Kh8 19. Bd3 $1 {(Avery is brewing up a marvelous plan with his B going to b1 and the Q moving to c2...his threats are about to multiply exponentially!.... With my Q exposed to threats along the half open e-file, it is imperative I find the correct plan to prevent "cheapo's" against her magesty while simultaneously nullifying mating threats on h7.} Qd8 20. Bb1 {Diagram (#] ( I had a very long think right here, knowing full well that my plan had to be foolproof. I think I actually surprised Avery as he seemed pretty confident that his attack would eventually break through!} ({Fritz 12:1)} 20. Qa3 Nf6 21. Be4 Bxe4 22. Nxe4 d5 23. Ned2 Ra7 24. Ne5 Qe7 25. Qb3 Qd6 26. c4 Rc8 27. Rc1 Kg8 28. Qd3 Nd7 29. cxd5 Rxc1 {[%eval 90,18]}) ({Fritz 12:2)} 20. Ne4 Nf6 21. Bb1 Ne8 22. Rc1 d5 23. Ned2 Rg8 24. Ne5 Qc7 25. Qa3 Nf6 26. Bd3 Bf8 27. Qa4 Bd6 28. Ndf3 {[%eval 81,17]}) 20... Re8 $1 {(Probably my strongest move of the game. Not only does it support the center, but it provides space for my N to get to f8, and clears lines for my Queen to safeguard threats to both b6 and d6 simultaneously.} 21. Nc4 Bd5 22. Qc2 Nf8 $1 ({Fritz 12:1)} 22... Nf6 23. Ncd2 Kg8 24. c4 Bc6 25. Qc3 b5 26. Rc1 Qd7 27. cxb5 Bxb5 28. Bd3 Rec8 29. Qa3 Rab8 30. Bxb5 Qxb5 {[%eval 26,19]}) ({Fritz 12:2)} 22... Nf8 23. Ncd2 b5 24. Qd3 Kg8 25. Bc2 Nd7 26. g3 Nf6 27. gxf4 Qc7 28. Bb3 Nh5 29. Qe3 Nf6 30. Rc1 Bxb3 31. axb3 {[%eval 45,19]}) 23. Ncd2 b5 24. Ne4 f5 25. Ned2 Rc8 26. Re2 Rc7 {Diagram # (At this point I felt very comfortable with my position, although I was concerned that my e-pawn was vulnerable...and as usual, this leads to a false sense of security and I begin to have designs on an attack of my own along the g-file.} 27. Rde1 {Diagram # (At this point I felt very comfortable with my position, although I was concerned that my e-pawn was vulnerable...and as usual, this leads to a false sense of security and I begin to have designs on an attack of my own along the g-file.} Rf7 {(Avery, being the "sly fox" that he is, also had some aspirations of his own against my f5 pawn, so I had to make sure that this was over protected!} 28. b3 Qc8 29. c4 bxc4 30. bxc4 Rc7 31. Rc1 {(You can sense that Black is relaxing a bit ,seemingly content to sit on the position, but this move changes everything and spells trouble for Black!} Bf6 $2 {Diagram # (Black's plan is highly suspect and a bit transparent as he has delusions of grandeur for f3 by aligning his Q on a8 and moving his R to g7.} ({Fritz 12:1)} 31... Qd7 32. Qd1 Rec8 33. Bd3 Bc6 34. Rb1 e5 35. d5 Ba4 36. Bc2 Bxc2 37. Qxc2 e4 38. Nh4 Bd4 39. h3 {[%eval 29,15]}) ({Fritz 12:2)} 31... Ng6 32. Qa4 Bf6 33. Qa3 Bxf3 34. Nxf3 Rxc4 35. Rec2 Rxc2 36. Bxc2 Qb7 37. Bd3 d5 38. h3 Rc8 39. Rxc8+ Qxc8 40. Bxa6 {[%eval 44,15]}) 32. Qa4 Bxf3 33. Nxf3 ({Fritz 12:1)} 33. Nxf3 Ree7 34. c5 dxc5 35. d5 exd5 36. Rxe7 Rxe7 37. Qxf4 Kg7 38. Bxf5 Qc6 39. Qg4+ Kh8 40. Rb1 c4 41. Qf4 Bc3 42. Nd4 {[%eval 86,17]}) ({Fritz 12:2)} 33. gxf3 Nh7 34. d5 Rg8+ 35. Kh1 exd5 36. Rce1 Ng5 37. h4 Ne4 38. cxd5 Nxd2 39. Rxd2 Bc3 40. Qxf4 Bxd2 41. Qxd2 Qf8 {[%eval -148,16]}) 33... Ree7 34. Bd3 Rg7 $2 (34... e5 35. dxe5 dxe5) ({Fritz 12:1)} 34... e5 35. dxe5 dxe5 36. c5 e4 37. Bxa6 Qd7 38. Bb5 exf3 39. Bxd7 fxe2 40. Re1 Bc3 41. Qxf4 Bxe1 42. Qd4+ Kg8 43. Qd5+ Kg7 44. Bxf5 {[%eval -54,16]}) ({Fritz 12:2)} 34... Nh7 35. Rec2 Ng5 36. Nxg5 hxg5 37. c5 dxc5 38. Rxc5 f3 39. gxf3 Rxc5 40. dxc5 Be5 41. Qxa6 Qxa6 42. Bxa6 Rh7 43. Re1 Bxh2+ 44. Kg2 Rh6 {[%eval 83,16]}) 35. Bxf5 $3 exf5 {Diagram #} (35... Qb7) ({Fritz 12:1)} 35... Qb7 36. Be4 d5 37. Bd3 dxc4 38. Be4 Qb5 39. Qd1 Qh5 40. Rec2 Qh3 41. Ne5 Bxe5 42. dxe5 Nd7 43. Rb2 Rg8 44. Kh1 Qh4 {[%eval 130,18]}) ({Fritz 12:2)} 35... exf5 36. Re8 Qb7 37. Rxf8+ Rg8 38. Rxg8+ Kxg8 39. c5 Rc6 40. Qc2 Qc8 41. Qc4+ Kg7 42. Qd5 dxc5 43. Ne5 Bxe5 44. Qxe5+ Kf7 45. dxc5 f3 46. Qd5+ Kf8 47. Qxf3 Rxc5 {[%eval 221,18]}) 36. Re8 Qb7 37. Rxf8+ Kh7 {Diagram #} 38. d5 (38. Qc2 Qxf3 39. Qxf5+ Rg6 40. Qxg6+ Kxg6 41. gxf3) ({Fritz 12:1)} 38. Qc2 Qxf3 39. Qxf5+ Rg6 40. Qxg6+ Kxg6 41. gxf3 Bxd4 42. Rxf4 Be5 43. Rh4 Kg5 44. Re4 Kf5 45. Rce1 Rb7 46. c5 Rc7 47. cxd6 Bxd6 48. Ra4 Rc6 49. Ra5+ Kg6 {[%eval 357,18]}) ({Fritz 12:2)} 38. Qe8 Rgf7 39. Re1 Bg7 40. Rxf7 Rxf7 41. h3 Qd7 42. Qe2 Qc8 43. Nh4 Bxd4 44. Qh5 Qf8 45. Nf3 Bf6 46. Qxf5+ Kg8 47. Qxf4 {[%eval 299,17]}) 38... Qb2 39. Qd1 {(Looks like Black is in a real bind here but White has to be careful if he plans to bring his extra pawn home for the win. Ahhhh, but as I indicated in my introduction, the time factor comes into play as Avery has less than 5 minutes to my 15+ and as the position remains relatively complex, he enters panic mode.} Kg6 40. Qe1 $4 {( Surrendering his major advantage.} Rce7 41. Qd1 ({Fritz 12:1)} 41. Qf1 Re2 42. Rb1 Qxa2 43. Rb6 Rf7 44. Rfb8 Rd7 45. c5 Rc2 46. c6 Re7 47. Rg8+ Rg7 48. Rf8 Qxd5 49. h4 Rf7 50. Qb1 Rxc6 {[%eval 138,18]}) ({Fritz 12:2)} 41. Qd2 Qxd2 42. Nxd2 Re2 43. Nf3 Rxa2 44. Re8 Rd7 45. Re6 Kf7 46. h4 a5 47. c5 dxc5 48. Rxc5 a4 49. Rcc6 Ra1+ 50. Kh2 Bb2 51. Re5 {[%eval 11,18]}) 41... Re2 42. Rb1 ({Fritz 12:1)} 42. Rb8 Qxa2 43. Qf1 Rge7 44. h4 Qa3 45. Rcb1 Rc2 46. Rg8+ Kh7 47. Rf8 Kg7 48. Rc8 a5 49. h5 Rb2 50. Rxb2 Qxb2 51. Rd8 Qb4 {[%eval 53,18]}) ({Fritz 12:2)} 42. Rb1 Qxa2 43. Rbb8 Rxf2 44. Rxf6+ Kh7 45. Ng5+ Rxg5 46. Rxh6+ Kxh6 47. Rh8+ Kg6 48. Rg8+ Kh6 {[%eval 0,15]}) 42... Qxa2 43. Rxf6+ ({Fritz 12:1)} 43. Rbb8 Rxf2 44. Rxf6+ Kh7 45. Ng5+ Rxg5 46. Rxh6+ Kxh6 47. Rh8+ Kg6 48. Rg8+ Kh6 {[%eval 0,11]}) ({Fritz 12:2)} 43. Rxf6+ Kxf6 44. Rb6 Kf7 45. Rxd6 Qxc4 46. Rc6 Qe4 47. Rc7+ Kf8 48. Rc8+ Kf7 49. Rc7+ {[%eval 0,15]}) 43... Kxf6 44. Qd4+ Re5 ({Fritz 12:1)} 44... Kg6 45. Rb6 Re4 46. Qc3 Kh7 47. h3 Qxc4 48. Qf6 Qxd5 49. Rxd6 Qf7 50. Qxh6+ Kg8 51. Rxa6 Qd5 52. Rb6 Qd8 53. Rb1 Qc7 {[%eval -3,18]}) ({Fritz 12:2)} 44... Re5 45. Rb6 Qe2 46. h3 Kf7 47. Nxe5+ Qxe5 48. Qxe5 dxe5 49. Rxa6 Rg8 50. Ra7+ Kf6 51. Rh7 e4 52. Rxh6+ Ke5 53. Re6+ Kd4 54. d6 Rd8 55. Rf6 Kxc4 56. Rxf5 {[%eval 355,17]}) 45. Re1 ({Fritz 12:1)} 45. Rb6 Qe2 46. h3 Kf7 47. Rxd6 Re7 48. Qxf4 Qe4 49. Qxh6 Qxf3 50. Qxg7+ Kxg7 51. gxf3 Ra7 52. c5 a5 53. c6 Kf7 {[%eval 365,17]}) ({Fritz 12:2)} 45. Re1 Qa5 46. Rxe5 dxe5 47. Qxe5+ Kg6 48. h3 Kh7 49. Qxf5+ Kg8 50. Qxf4 Qa3 51. g3 Qf8 52. Qe4 Qe7 53. Qf5 Qd7 54. Qh5 Qa4 {[%eval 281,17]}) 45... Rge7 46. h3 Qa5 47. Rxe5 dxe5 48. Qb2 Qc5 49. Qc2 (49. Qb8 Kg7 50. Nh4 Qc7 51. Nxf5+ Kf6) ({Fritz 12:1)} 49. Qb8 Kg7 50. Nh4 Qc7 51. Nxf5+ Kf6 52. Qb1 Re8 53. Nxh6 Kg7 54. Ng4 a5 55. Qc2 Rc8 56. Qc3 Qxc4 57. Qxe5+ Kf8 58. d6 Qc1+ 59. Kh2 Rc6 {[%eval 124,19]}) ({Fritz 12:2)} 49. Nh4 Qd6 50. Qe2 Kg5 51. Nf3+ Kg6 52. Nh4+ Kg5 {[%eval 0,17]}) 49... Rf7 50. Nh4 Kg5 ({Fritz 12:1)} 50... e4 51. Qc3+ Kg5 52. g3 Qd6 53. Qd2 e3 54. Nf3+ Kg6 55. fxe3 fxg3 56. Qd4 Qf6 57. Ne5+ Kg7 58. Qf4 Rb7 59. Kg2 Qg5 60. Qxg5+ hxg5 61. Kxg3 {[%eval -74,18]}) ({Fritz 12:2)} 50... Kg5 51. Nf3+ {[%eval 0,7]}) ({Fritz 12:1)} 50... e4 51. Qc3+ Kg5 52. g3 Qd6 53. Qd2 e3 54. Nf3+ Kg6 55. fxe3 fxg3 56. Qd4 Qf6 57. Ne5+ Kg7 58. Qf4 Rb7 59. Qxg3+ Qg5 60. Kg2 Kf6 61. Nd3 Qxg3+ {[%eval -86,18]}) ({Fritz 12:2)} 50... Kg5 51. Nf3+ {[%eval 0,7]}) 51. Nf3+ Kf6 52. Nh4 e4 53. g4 Qa3 54. Nxf5 Qxh3 55. Qxe4 Qxg4+ 56. Kf1 Qxf5 57. Qe6+ Qxe6 58. dxe6 Re7 0-1

[Event "2016 PHCC Championships"]
[Site "Grosse Pointe"]
[Date "2016.03.08"]
[Round "7"]
[White "West, Tony"]
[Black "Heinrich, Chuck"]
[Result "1-0"]
[WhiteElo "1933"]
[BlackElo "908"]
[PlyCount "81"]
[EventDate "2016.03.08"]
[EventType "tourn"]
[EventRounds "9"]

1. d4 d5 2. c4 Nc6 3. Nf3 Bg4 4. Nc3 Nf6 5. Bg5 Bxf3 6. gxf3 e6 7. cxd5 exd5 8. e3 Be7 9. Qb3 Bb4 10. Bb5 Bxc3+ 11. Qxc3 Qd6 12. Bf4 Qd7 13. Bxc6 bxc6 14. Rc1 Rb8 15. b3 Rb6 16. Qa5 a6 17. Ke2 O-O 18. Rc2 Nh5 19. Bg3 Re8 20. Qc3 Re6 21. Qd3 Qe7 22. Rcc1 g6 23. Rc5 Qd7 24. Ra5 Qc8 25. Rc1 Kf8 26. Rcc5 Nf6 27. Ra4 Rb5 28. Qc3 Qb7 29. Ra5 Rb6 30. Qc1 Ke8 31. Rc3 Re7 32. Rac5 Re6 33. Kf1 Nd7 34. Rxd5 cxd5 35. Rxc7 Qc6 36. Rc8+ Ke7 37. Qa3+ Kf6 38. Rxc6 Rexc6 39. Qa5 Ke6 40. e4 dxe4 41. d5+ 1-0

[Event "2016 PHCC Championships"]
[Site "Port Huron"]
[Date "2016.03.03"]
[Round "7"]
[White "Wilkinson, Stewart"]
[Black "Alan, Gregg"]
[Result "1/2-1/2"]
[WhiteElo "1880"]
[BlackElo "1981"]
[Annotator "Gregg,Alan"]
[PlyCount "69"]
[EventDate "2016.03.03"]
[EventType "tourn"]
[EventRounds "8"]

1. e4 Nc6 2. Nc3 e5 3. Bc4 Nf6 4. d3 Be7 5. a3 d6 ({Relevant:} 5... O-O 6. f4 d6 7. Nf3 exf4 8. Bxf4 Be6 9. Nd5 Bxd5 10. exd5 Ne5 11. Nxe5 dxe5 12. Bxe5 Re8 13. O-O Bc5+ 14. d4 Rxe5 15. dxc5 Nxd5 16. Qd4 Qg5 17. Rae1 Rae8 18. Bxd5 Rxe1 19. Bxf7+ Kf8 20. Bxe8+ Rxf1+ 21. Kxf1 Qc1+ 22. Ke2 Qxc2+ 23. Kf3 Kxe8 24. Qe4+ Qxe4+ 25. Kxe4 Kd7 26. Kd5 Ke7 27. c6 b6 28. Ke5 Kf7 29. g4 a6 30. h4 Ke7 31. h5 Kf7 32. Kf5 Ke7 33. g5 Kd6 34. b4 Ke7 35. a4 {Popov,V (2555)-Malakhov,V (2702) St Petersburg 2015 ½-½}) 6. h3 Nd4 7. Be3 Ne6 8. Nf3 c6 9. Bb3 O-O 10. O-O $146 ({Predecessor:} 10. g4 d5 11. g5 d4 12. gxf6 Bxf6 13. Bxe6 Bxe6 14. Bd2 dxc3 15. Bxc3 Qc7 16. Qd2 g6 17. Ng5 Qe7 18. h4 Bg4 19. Qe3 a5 20. f4 h6 21. Qg3 Bh5 22. fxe5 Bg7 23. Nh3 Rae8 24. Rg1 Bxe5 25. Bxe5 Qxe5 26. Qxe5 Rxe5 27. Nf4 Kh7 28. Kd2 f5 29. Nxh5 gxh5 30. Raf1 f4 31. Rf3 Re7 32. Rgf1 Ref7 33. d4 Kg8 34. e5 Rd7 35. Kd3 c5 36. c3 cxd4 37. cxd4 Re8 38. Rxf4 Rxe5 39. Rf8+ Kg7 {Shyam,S (2307)-Sahoo,U (2004) Mumbai 2008 1-0}) 10... c5 11. Nd5 Nxd5 12. Bxd5 Nc7 13. Bb3 Be6 14. Bxe6 Nxe6 15. c3 Qc7 16. Rc1 b6 17. d4 Rfd8 18. d5 Nf8 19. Nh2 Ng6 20. Qd2 Qd7 21. f4 exf4 22. Bxf4 Nxf4 23. Qxf4 Bf8 (23... Rf8) 24. Ng4 f6 25. Qg3 Kh8 26. Rf5 Qe8 27. Rcf1 Qg6 (27... Qxe4 $18) 28. Qf3 Re8 $4 29. h4 (29. e5 dxe5 30. Nxe5) 29... Re7 30. h5 (30. Nxf6 gxf6 31. Rxf6 Qg8 32. Rxf8 Rxf8 33. Qxf8 Qxf8 34. Rxf8+ Kg7 35. Rf4) 30... Qe8 31. h6 Rxe4 32. hxg7+ Bxg7 33. Rxf6 (33. Nxf6 Bxf6 34. Rxf6) 33... Rxg4 34. Qxg4 Bxf6 35. Rxf6 1/2-1/2

[Event "2016 PHCC Championships"]
[Site "Port Huron"]
[Date "2016.03.10"]
[Round "9"]
[White "Rutkofske, Lonnie"]
[Black "Wingrove, William"]
[Result "1-0"]
[WhiteElo "1800"]
[BlackElo "1606"]
[Annotator "Gregg,Alan"]
[PlyCount "145"]
[EventDate "2016.03.10"]
[EventType "tourn"]
[EventRounds "9"]

1. c4 c5 2. g3 g6 3. Bg2 Bg7 4. Nc3 d6 5. d3 Nc6 6. e4 e6 7. Nge2 Nge7 8. O-O O-O 9. Rb1 Rb8 10. Bf4 a6 11. Qd2 Re8 12. Bh6 $146 ({Relevant:} 12. a4 b6 13. h3 Rb7 14. Bh6 Bh8 15. Kh2 Rd7 16. Bg5 Qc7 17. b3 Bb7 18. Bf4 Qc8 19. h4 Qa8 20. Bh3 Rdd8 21. Rfe1 Bg7 22. Na2 Ne5 23. Ng1 Bc6 24. Nc3 a5 25. Rbd1 Qb7 26. Nb5 Bxb5 27. axb5 Qc7 28. Qe2 Ra8 29. Nf3 Nxf3+ 30. Qxf3 a4 31. bxa4 Rxa4 32. Re2 Rea8 33. Bg5 Ra2 34. Rdd2 Rxd2 35. Rxd2 Ra3 36. Qe2 Qa7 37. Bxe7 Qxe7 38. Ra2 Qa7 39. Rxa3 Qxa3 40. Bg2 Bd4 41. Bf3 Kg7 {Jeske,E (2233)-Schmid,T (2252) Germany 2012 ½-½}) 12... Bh8 13. f4 Nd4 14. Kh1 Nec6 15. Nxd4 Nxd4 16. Nd1 Bd7 17. Ne3 b5 18. b3 Bc6 {Diagram } 19. h3 (19. f5 exf5 20. exf5 Qd7 21. fxg6 hxg6 $11) 19... Qd7 20. Kh2 b4 21. Rf2 a5 22. Rbf1 f5 23. g4 Bg7 (23... Qb7) 24. Bg5 Kh8 (24... a4 25. exf5 exf5 26. Bxc6 Qxc6 27. bxa4 b3 28. axb3 Nxb3 29. Qe1 Nd4 30. Qc1 Rb3) 25. gxf5 gxf5 26. Qd1 Qf7 (26... fxe4 27. dxe4 Rg8) 27. Nc2 Nxc2 28. Rxc2 Rg8 29. Bf3 Bf6 (29... h6 30. Bh4 Bd4) 30. Qc1 Ba8 31. Qe3 Bxg5 32. fxg5 {Diagram } Qg7 (32... f4 33. Bg4 e5 34. h4 Bc6 35. Qh3 Rg7 36. Rg2 Bd7 37. Bxd7 Qxd7 38. Qxd7 Rxd7 $11) 33. exf5 exf5 $4 (33... Qxg5 34. Qxg5 Rxg5 35. fxe6 Bxf3 36. Rxf3 Re5 37. d4 cxd4 38. Rd3 Re8 39. Rxd4 R8xe6 40. Rg2 h5 41. Rd1 Re2 42. Rd2 Rxd2 43. Rxd2 Re3 44. Kg2 Kg7 45. h4 Rc3) 34. Bxa8 Rxa8 35. Rxf5 Rae8 36. Qf4 Re5 37. Rxe5 dxe5 38. Qf6 h6 (38... Qxf6 39. gxf6 Rd8 40. Rg2 Rxd3 41. Rg5 Rf3 42. Rxe5 Rxf6 43. Kg3 Rg6+ 44. Kf3 Rf6+ 45. Ke2) 39. Re2 Qxf6 40. gxf6 Re8 41. f7 Rf8 42. Rxe5 Rxf7 43. Kg2 Rd7 44. Rxc5 a4 45. Rd5 axb3 46. axb3 Re7 47. c5 Kg7 48. c6 Kf7 49. Kf3 Ke8 50. Rd6 h5 51. d4 Rf7+ 52. Ke3 Rg7 53. Kd3 Rg3+ 54. Kc4 Rxh3 55. Kxb4 Ke7 56. Rd7+ Ke8 57. Kc4 Rh4 58. b4 Rh1 59. Rd5 h4 60. Kb5 h3 61. Kb6 Rc1 62. Rc5 Rxc5 63. dxc5 h2 64. c7 h1=Q 65. c8=Q+ Ke7 66. b5 Qg1 67. Kb7 Qg2+ 68. c6 Qe2 69. b6 Qf3 70. Qd7+ Kf6 71. Kb8 Qg3+ 72. c7 Qg8+ 73. Qd8+ 1-0

[Event "2016 PHCC Championships"]
[Site "Port Huron"]
[Date "2016.03.10"]
[Round "9"]
[White "Wilkinson, Stewart"]
[Black "Bedy, Noel"]
[Result "1-0"]
[WhiteElo "1880"]
[BlackElo "1421"]
[Annotator "Gregg,Alan"]
[PlyCount "95"]
[EventDate "2016.03.10"]
[EventType "tourn"]
[EventRounds "9"]

{Noel missed chances to both win and draw this game.} 1. e4 d5 2. exd5 Nf6 3. Bb5+ Bd7 4. Bc4 Bg4 5. f3 Bc8 6. Nc3 Nbd7 7. Nge2 Nb6 8. Bb3 Nbxd5 9. O-O ({Relevant:} 9. Nxd5 Nxd5 10. O-O e6 11. d4 Be7 12. c4 Nf6 13. Be3 O-O 14. Ng3 b6 15. Qe2 Bb7 16. Rad1 Qd7 17. Bc2 Rfe8 18. Rfe1 Rad8 19. Kh1 Qc8 20. Ne4 c5 21. b3 Nxe4 22. fxe4 cxd4 23. Bxd4 Bb4 24. Rf1 e5 25. Bb2 Bc5 26. Qh5 f6 27. h3 Bd4 28. Bxd4 exd4 29. e5 Rxe5 30. Qxh7+ Kf7 31. Bg6+ Ke6 32. Qxg7 Rf8 33. Rxd4 Qc6 34. Rg4 Qc8 35. Rgf4 f5 36. Bh5 Be4 37. Bf3 Rf7 38. Qg3 Qc6 {Lugovskoy,M (2470)-Rodin,D (2378) St Petersburg 2015 1-0}) 9... e6 10. d4 Be7 11. Bg5 O-O 12. Bh4 $4 $146 {Diagram } ({Predecessor:} 12. Qd2 b6 13. Rfe1 Bb7 14. Rad1 c5 15. Bh4 cxd4 16. Nxd4 Nxc3 17. Qxc3 Nd5 18. Bxd5 Bxd5 19. Nxe6 fxe6 20. Bxe7 Qxe7 21. Rxd5 Rac8 22. Qb3 Qf7 23. Rd6 Kh8 24. Rdxe6 Qf5 25. c3 Rcd8 26. Qb4 Rd2 27. R6e2 Rdd8 28. Qe4 Qc5+ 29. Qe3 Qa5 30. Qe7 Qxa2 31. Qxd8 Rxd8 32. Re8+ Qg8 33. Rxg8+ Kxg8 34. Kf2 Kf7 35. g4 h6 36. Re2 Kf6 37. Ke3 g5 38. h4 Rd3+ {1-0 (38) Olah,S (2140)-Horti,F (1975) Gyongyos 1996}) 12... c6 (12... Ne3 {The best move to secure an advantage.}) 13. Bf2 Nb6 14. Ne4 Nbd7 15. c3 h6 16. N2g3 Qc7 17. Re1 Re8 18. Qd2 c5 19. Nxf6+ Nxf6 20. Ne4 cxd4 21. Bxd4 Nxe4 22. Rxe4 Rd8 23. Qf2 Bd6 24. Qh4 Be7 25. Qh5 Bf8 26. Rae1 a5 27. f4 (27. a4) 27... a4 28. Bc2 Rd5 (28... a3 $14) 29. Qe2 Bc5 30. Bxc5 Qxc5+ 31. Kh1 Bd7 32. Re3 Qd6 33. Rd3 Rxd3 (33... Qxf4 34. Rxd5 exd5) 34. Qxd3 Qxd3 35. Bxd3 Kf8 36. Be4 Bc6 37. Bxc6 bxc6 38. Rd1 Ke7 39. g3 c5 40. Kg2 Ra6 41. Kf3 Rd6 $2 (41... f5 $11) 42. Rxd6 Kxd6 43. Ke4 f5+ 44. Kd3 {Diagram } g5 $2 (44... e5 45. fxe5+ Kxe5 46. b4 axb3 47. axb3 g5 $11) 45. b4 gxf4 (45... axb3 46. axb3 gxf4 47. gxf4) 46. gxf4 e5 47. fxe5+ Kxe5 48. b5 1-0